00659nam a22001937a 450000500170000001000140001702000290003102000320006003500130009203700130010508200110011824501680012926000450029727000610034230000340040365000220043770000030045970000030046220100814123130.0 aENG-99909 c995.00 (set)a0195696506 c995.00 (set)a9780195696509 aEN-83441 bDBAD/PUB a307.14 aEleventh five year plan (2007-2012) :cby Planning Commission Government of Indiabagriculture, rural development, industry, services and physical infrastructure / aNew DelhibOxford University Pressc2008 aYMCA Library Building, Jai Singh RoadbNew Delhie110001 av.3 (xxvi, 450p.)c27cm (pbk) aRural development